000 00491nam a2200169 i 4500
001 bg
245 0 _aProblemes de rheologie et de mecanigue des sols :
_bsymposium franco-polonais Nice 1974 /
_cred. W. K. Nowacki.
260 _aVarsovie :
_bPWN,
_c1977.
490 1 _aSerie de Mecanique Appliquee
700 1 _aNowacki, W. K.
830 _aSerie de Mecanique Appliquee
040 _cBPK
041 _apol
080 _a624.1
942 _cKS
008 s pl f |000 0 pol
999 _c27634
_d27634
856 _uhttp://koha.tu.koszalin.pl/cgi-bin/koha/opac-detail.pl?biblionumber=27634
_yKatalog online BPK